000 00666nam a2200217Ii 4500
003 JO-AjNU
008 230605s9999||||xx |||||||||||||| ||und||
017 _a2011/1/321
040 _aJO-AjNU
_bara
_erda
_cJO-AjNU
041 _aara
050 1 4 _aBP131.6 2011
100 3 _aالياقتي، رغداء بكور,
_eauthor
_956575
245 0 0 _aمنن الرحمن في علوم وتجويد القرآن
250 _aط1
264 3 1 _aعمان: المؤلف، 2011
300 _a339ص
336 _atext
_btxt
_2rdacontent
337 _aunmediated
_bn
_2rdamedia
338 _avolume
_bnc
_2rdacarrier
650 4 _aالقرىن الكريم- تجويد
_956576
999 _aA25300
_c28868
_d28868